| 000 | 00430nam a2200181Ia 4500 | ||
|---|---|---|---|
| 001 | 12731 | ||
| 005 | 20260306163003.0 | ||
| 008 | 260306t1999||||xx |||||||||||||| ||spa|| | ||
| 041 | _aESP | ||
| 082 |
_aRD 4.03 _bC95 |
||
| 100 |
_a[Autor no identificado] _eAUT |
||
| 245 | 0 | _aDiccionario de informática | |
| 260 | _c1999 | ||
| 300 |
_a360 páginas : _c28 cm. |
||
| 650 | _aGEN | ||
| 654 | _aCCC | ||
| 942 |
_cDIC _dJUS _fJUS _2ddc _n |
||
| 999 |
_c12731 _d12731 |
||